| 000 | 00723 a2200169 4500 | ||
|---|---|---|---|
| 003 | NUST | ||
| 005 | 20221209152144.0 | ||
| 040 | _cNust | ||
| 082 | _a297.55,BAZ | ||
| 100 |
_aBaz, Shaykh Abdul Aziz bin Abdullah Bin _9104566 |
||
| 245 |
_aFatawa Islamiyah Islamic Verdicts (Vol-7) / _cShaykh Abdul Aziz bin Abdullah Bin Baz |
||
| 260 |
_aLondon _bDarussalam _c2001 |
||
| 300 | _a400 p.; | ||
| 505 | _aThe Noble Quran (Page-15), Tafsir (Page-90), Hadith (Page-161), Rerpentance and Rulings Regarding It (Page-233), Rulings Regarding Supplication and its Manners (Page-273), Al-Birr and Joining Relations (Page-299), Clothes and Adornment (Page-365). | ||
| 650 |
_aIslamic Verdicts _9104571 |
||
| 942 |
_2ddc _cBK _k297.55,BAZ |
||
| 999 |
_c197097 _d197097 |
||